Close-Up 100! Quiz Stats

 Plays Quiz Updated Apr 16, 2019

Score 0/100 Timer 10:00
6 Plays Today
% Correct
41. ✯
94%
52. ✪
93.4%
43. ✪
92.2%
42. ✰
92%
61. ✰
91.3%
50. ★
90.8%
88. ★
90%
70. ✯
88.7%
26. ★
88.6%
87. ✪
88.4%
25. ✰
88.1%
30. ✰
86%
84. ⋆
85.3%
81. ⋆
84.6%
83. ★
83.5%
68. ★
83.2%
93. ✪
82.9%
21. ⋆
81.8%
46. ⋆
81.8%
96. ★
81.6%
99. ⋆
81.5%
48. ✯
81.3%
56. ★
81.3%
85. ✯
80.8%
79. ✰
80.7%
77. ✯
79.6%
31. ✪
79.5%
58. ✪
78.4%
82. ✪
78.3%
91. ⋆
77.7%
98. ✯
77.6%
62. ⋆
76.5%
3. ✯
76.3%
34. ★
76%
% Correct
35. ✪
74.7%
33. ✯
74.7%
44. ★
74.5%
1.✯
72.3%
54. ✰
71.6%
92. ★
71%
97. ✪
70.7%
38. ⋆
70.7%
75. ⋆
69.1%
100. ✪
69.1%
89. ✯
67.8%
55. ✯
67%
73. ✪
65.4%
53. ⋆
65.3%
57. ⋆
65%
27. ⋆
64.5%
59. ★
63.6%
45. ✯
63.3%
90. ✪
63.2%
80. ★
63.2%
49. ✪
62.4%
64. ✪
62%
95. ✯
60.7%
66. ⋆
60.5%
65. ✯
59.6%
63. ✪
59%
9. ✪
58.9%
29. ✪
58.5%
94. ⋆
58.3%
36. ✰
52%
13. ★
52%
17. ✰
50.4%
32. ★
49.1%
40. ✰
48%
% Correct
18. ✪
44.3%
23. ★
42.9%
47. ✰
42.5%
51. ✰
42.3%
76. ✯
40.4%
69. ✪
40.3%
24. ✪
40.3%
60. ⋆
38.6%
74. ✪
30.9%
71. ⋆
30.1%
67. ★
30.1%
16. ⋆
29.6%
72. ★
28.5%
28. ✰
27.1%
7. ✪
26.2%
37. ✯
24.2%
22. ⋆
23.8%
86. ✰
22.6%
12. ★
21.2%
19. ⋆
19.8%
39. ✪
17.6%
2. ✪
17.1%
78. ⋆
16.1%
8. ✯
14.1%
15. ✰
14.1%
5. ✰
11.4%
20. ✰
9.4%
11. ⋆
8.4%
6. ★
7.5%
10. ⋆
4.5%
4. ★
2.8%
14. ✪
1.8%

You're not logged in!

Compare scores with friends on all Sporcle quizzes.
OR
Log In

Show Comments

Extras

Top Quizzes Today


Score Distribution

Your Account Isn't Verified!

In order to create a playlist on Sporcle, you need to verify the email address you used during registration. Go to your Sporcle Settings to finish the process.

Report this User

Report this user for behavior that violates our Community Guidelines.

Details: